000 01111 a2200217 4500
001 26412
005 20260407155544.0
008 260407a1984 arg spa d
003 AR-UNSa-BCEJYS
040 _aAR-UNSa-BCEJYS
_bspa
_cAR-UNSa-BCEJYS
080 _a657.3
_xPresupuestos. Cierre de Cuentas. Balances (Estados Contables)
245 1 0 _aEstados contables de sociedades por acciones
250 _a6a. ed
264 1 _aBuenos Aires :
_bEdiciones Contabilidad Moderna
_c1984
300 _a242 p.
_c22 cm.
505 _a1. Los estados contables - 2. Normas contables profesionales - 3. Normas contables legales e institucionales - 4. El balance general - 5. El estado de resultado - 6. Los estados de resultados acumulados y de evolución del patrimonio neto - 7. El estado de origen y aplicación de fondos - 8. Notas y anexos - 9. Información para la bolsa de comercio de Buenos Aires - 10. Ejemplo de aplicación - Apéndice normas contables profesionales y legales.
942 _cBK
590 _aniveau_biblio:m niveau_hierar:0
100 1 _aFowler Newton, Enrique
700 1 _aFortini, Hernando L.
999 _c1461
_d1461